| 000 | 00377nam a2200157Ia 4500 | ||
|---|---|---|---|
| 008 | 210210b1877 xxu||||| |||| 00| 0 eng d | ||
| 041 | _aeng | ||
| 082 | _a829/357 | ||
| 100 | _aELIOT (George) | ||
| 245 | _aDaniel Deronda | ||
| 260 |
_aEdinburgh _bWilliam Blackwood and Sons _c1877 |
||
| 650 | _aDeronda | ||
| 650 | _aDaniel | ||
| 690 | _aEnglish Fiction | ||
| 906 | _a016961 | ||
| 999 |
_c136901 _d136901 |
||